U.S Presidents who served shorter then 4 years. - Statistics

General Stats
  • This quiz has been taken 36 times
  • The average score is 5 of 11
Answers on the Grid
Answers color-coded by a green-red scale on the quiz's grid according to % correct below.
George Washington
John Adams
Thomas Jefferson
James Madison
James Monroe
John Quincy Adams
Andrew Jackson
Martin Van Buren
William Henry Harrison
John Tyler
James Polk
Zachary Taylor
Millard Fillmore
Franklin Pierce
James Buchanan
Abraham Lincoln
Andrew Johnson
Ulysses S. Grant
Rutherford B. Hayes
James Garfield
Chester A. Arthur
Grover Cleveland
Benjamin Harrison
William McKinley
Theodore Roosevelt
William H. Taft
Woodrow Wilson
Warren Harding
Calvin Cooledge
Herbert Hoover
Franklin D. Roosevelt
Harry S. Truman
Dwight D. Eisenhower
John F. Kennedy
Lyndon B. Johnson
Richard M. Nixon
Gerald Ford
Jimmy Carter
Ronald Regan
George H. W. Bush
Bill Clinton
George W. Bush
Barak Obama
Donald Trump
Joesph Biden
 
Answer Stats
Answer % Correct
William Henry Harrison
79%
Zachary Taylor
69%
John Tyler
62%
John F. Kennedy
55%
James Garfield
48%
Gerald Ford
45%
Warren Harding
45%
Andrew Johnson
34%
Millard Fillmore
34%
Chester A. Arthur
28%
John Adams
3%
No matching quizzes found
Score Distribution
Percent of People with Each Score
Percentile by Number Answered
Your Score History
You have not taken this quiz